[Event "TUR-chT 1st League"]
[Site "Konya"]
[Date "2022.08.27"]
[Round "8.8"]
[White "Soydan, Busra"]
[Black "Ercan, Hilal"]
[Result "1-0"]
[WhiteElo "1602"]
[BlackElo "1224"]
[PlyCount "42"]
[EventDate "2022.08.22"]
[EventType "team-swiss"]
[EventRounds "9"]
[EventCountry "TUR"]
[SourceTitle "CBM 209 Extra"]
[Source "ChessBase"]
[SourceDate "2022.09.30"]
[SourceVersion "1"]
[SourceVersionDate "2022.09.30"]
[SourceQuality "1"]
[WhiteTeam "Karaman Saglik"]
[BlackTeam "Salihli Sardes"]
[WhiteTeamCountry "TUR"]
[BlackTeamCountry "TUR"]

1. d4 c5 2. c3 e6 3. Nf3 d5 4. Bf4 Nc6 5. e3 Qb6 6. Qc2 c4 7. Nbd2 Bd7 8. Be2 Nf6 9. h3 Be7 10. 0-0 h6 11. e4 0-0 12. exd5 exd5 13. Ne5 Nxe5 14. dxe5 Nh7 15. Be3 Qg6 16. Qxg6 fxg6 17. Nf3 b6 18. Rad1 Bc6 19. Nd4 Bb7 20. Ne6 Rf7 21. Bf3 Nf8 1-0

[Event "TUR-chT 1st League"]
[Site "Konya"]
[Date "2017.07.23"]
[Round "9.9"]
[White "Soydan, Busra"]
[Black "Sahin, Handenur"]
[Result "0-1"]
[WhiteElo "1755"]
[BlackElo "1897"]
[PlyCount "50"]
[EventDate "2017.07.17"]
[EventType "team-swiss"]
[EventRounds "9"]
[EventCountry "TUR"]
[SourceTitle "EXT 2018"]
[Source "ChessBase"]
[SourceDate "2017.10.13"]
[SourceVersion "1"]
[SourceVersionDate "2017.10.13"]
[SourceQuality "1"]
[WhiteTeam "Yalova Belediye"]
[BlackTeam "Kahramanmaras CC"]
[WhiteTeamCountry "TUR"]
[BlackTeamCountry "TUR"]

1. c4 c6 2. Nf3 d5 3. b3 Nf6 4. Bb2 Bg4 5. e3 Nbd7 6. Be2 e6 7. 0-0 Bd6 8. Nd4 Bxe2 9. Qxe2 a6 10. cxd5 cxd5 11. Nc3 0-0 12. Rac1 Qe7 13. f4 Rac8 14. Kh1 Ba3 15. Bxa3 Qxa3 16. b4 Ne4 17. Qe1 Nxc3 18. Rxc3 Rxc3 19. dxc3 Qxa2 20. e4 dxe4 21. Qxe4 Qc4 22. Re1 Qxc3 23. f5 Nf6 24. Qh4 Qxb4 25. fxe6 fxe6 0-1

[Event "TUR-chT 1st League"]
[Site "Konya"]
[Date "2017.07.18"]
[Round "3.12"]
[White "Babiy, Olga"]
[Black "Soydan, Busra"]
[Result "1-0"]
[WhiteElo "2388"]
[BlackElo "1755"]
[PlyCount "41"]
[EventDate "2017.07.17"]
[EventType "team-swiss"]
[EventRounds "9"]
[EventCountry "TUR"]
[SourceTitle "CBM 179 Extra"]
[Source "ChessBase"]
[SourceDate "2017.08.23"]
[SourceVersion "1"]
[SourceVersionDate "2017.08.23"]
[SourceQuality "1"]
[WhiteTeam "Hatay Samandag"]
[BlackTeam "Yalova Belediye"]
[WhiteTeamCountry "TUR"]
[BlackTeamCountry "TUR"]

1. e4 d6 2. d4 Nf6 3. Nc3 g6 4. f4 Bg7 5. Nf3 0-0 6. Bd3 c5 7. d5 a6 8. a4 Bg4 9. 0-0 Nbd7 10. Bc4 Qc7 11. Qe1 Nb6 12. Nd2 Bd7 13. Be2 Bg4 14. a5 Nc8 15. Bc4 Ne8 16. f5 gxf5 17. exf5 Qd7 18. Bd3 Bd4+ 19. Kh1 Bh5 20. Qh4 Nf6 21. Nde4 1-0

[Event "TUR-chT"]
[Site "Kocaeli"]
[Date "2014.08.22"]
[Round "5.6"]
[White "Soydan, Busra"]
[Black "Kaplan, Ebru"]
[Result "0-1"]
[WhiteElo "1762"]
[BlackElo "1882"]
[PlyCount "112"]
[EventDate "2014.08.18"]
[EventType "team-tourn"]
[EventRounds "13"]
[EventCountry "TUR"]
[SourceTitle "CBM 162 Extra"]
[Source "ChessBase"]
[SourceDate "2014.10.17"]
[SourceVersion "1"]
[SourceVersionDate "2014.10.17"]
[SourceQuality "1"]
[WhiteTeam "TS Alyans"]
[BlackTeam "Tarsus Zeka"]
[WhiteTeamCountry "TUR"]
[BlackTeamCountry "TUR"]

1. e4 e5 2. Nf3 Nc6 3. d4 exd4 4. Bc4 Nf6 5. e5 d5 6. Bb5 Ne4 7. Nxd4 Bd7 8. Bxc6 bxc6 9. 0-0 Bc5 10. Be3 0-0 11. f3 Ng5 12. f4 Ne4 13. Nd2 Nxd2 14. Qxd2 f6 15. Nf3 Bb6 16. h3 Re8 17. Rae1 Bf5 18. Nd4 Bd7 19. Nf3 a5 20. b3 Qe7 21. Kh2 Qf7 22. Qf2 Rab8 23. c3 Qf8 24. g4 f5 25. Qg3 Bxe3 26. Rxe3 c5 27. Rg1 a4 28. Nh4 fxg4 29. hxg4 axb3 30. axb3 Rxb3 31. f5 d4 32. cxd4 Rb2+ 33. Kh3 cxd4 34. Ree1 Ba4 35. Nf3 Rb3 36. Qf4 Bc6 37. Rg3 Bxf3 38. Rxf3 Qa3 39. Rxb3 Qxb3+ 40. Qg3 Qxg3+ 41. Kxg3 c5 42. Kf3 d3 43. e6 c4 44. Ke3 Kf8 45. Kd4 Rc8 46. Kc3 Ke7 47. g5 h6 48. gxh6 gxh6 49. Re4 Rc7 50. Rd4 Kf6 51. Rd5 h5 52. Kd4 h4 53. Ke3 h3 54. Kf4 h2 55. Rd8 h1Q 56. Rf8+ Kg7 0-1

[Event "Kemer Turkey Cup"]
[Site "Kemer"]
[Date "2014.02.07"]
[Round "8"]
[White "Soydan, Busra"]
[Black "Can, Melih Kaan"]
[Result "0-1"]
[WhiteElo "1723"]
[BlackElo "2045"]
[PlyCount "152"]
[EventDate "2014.02.01"]
[EventType "swiss"]
[EventRounds "9"]
[EventCountry "TUR"]
[SourceTitle "CBM 158 Extra"]
[Source "ChessBase"]
[SourceDate "2014.02.28"]
[SourceVersion "1"]
[SourceVersionDate "2014.02.28"]
[SourceQuality "1"]

1. e4 e5 2. Nf3 Nf6 3. Nxe5 d6 4. Nf3 Nxe4 5. Qe2 Qe7 6. d3 Nf6 7. Bg5 Be6 8. Nc3 Nbd7 9. 0-0-0 0-0-0 10. Nd4 Bg4 11. Qxe7 Bxe7 12. Re1 Rhe8 13. Be2 Bxe2 14. Rxe2 h6 15. Bd2 Bf8 16. Rhe1 g6 17. h4 h5 18. Nf3 Rxe2 19. Rxe2 Nh7 20. Ne4 f6 21. Nd4 Ne5 22. f4 f5 23. Nc3 Nd7 24. Nd5 Ndf6 25. Ne7+ Bxe7 26. Rxe7 Rd7 27. Rxd7 Kxd7 28. Nf3 Ke6 29. c4 Nf8 30. Bc3 Ng4 31. Kd2 Kd7 32. b4 Ne6 33. g3 a6 34. a4 Ke7 35. Ke2 Kd7 36. Kd2 Nh6 37. Ke2 Ng8 38. Nd4 Nxd4+ 39. Bxd4 c6 40. Ke3 Ke6 41. Bb6 Nf6 42. Bd4 Nd7 43. Bc3 b5 44. axb5 axb5 45. Bb2 Nb6 46. Kd4 Na4 47. Ba3 Nb6 48. Bb2 Nd7 49. Ba3 Nb8 50. Ke3 Na6 51. Kd2 Nc7 52. Ke3 Ne8 53. Bb2 Nc7 54. Kd4 Kd7 55. Ke3 Ne6 56. Bc3 Nd8 57. Kd4 Ke6 58. Bb2 Nb7 59. Kc3 Kd7 60. Kd2 Ke6 61. Ke3 Kd7 62. Kd2 bxc4 63. dxc4 d5 64. c5 Nd8 65. Kd3 Ne6 66. Be5 Kc8 67. Kc3 Kb7 68. Kd3 Ka6 69. Kc2 Kb5 70. Kc3 Ka4 71. Bf6 Nc7 72. Kd4 Kxb4 73. Ke5 Kxc5 74. Bd8 Nb5 75. Ba5 d4 76. Bd2 Nd6 0-1

[Event "Kesan op 11th"]
[Site "Edirne"]
[Date "2013.08.31"]
[Round "9"]
[White "Chigladze, Iveri"]
[Black "Soydan, Busra"]
[Result "1-0"]
[WhiteElo "2385"]
[BlackElo "1734"]
[PlyCount "57"]
[EventDate "2013.08.26"]
[EventType "swiss"]
[EventRounds "9"]
[EventCountry "TUR"]
[SourceTitle "CBM 156 Extra"]
[Source "ChessBase"]
[SourceDate "2013.10.22"]
[SourceVersion "1"]
[SourceVersionDate "2013.10.22"]
[SourceQuality "1"]

1. d4 Nf6 2. c4 c5 3. d5 d6 4. Nc3 g6 5. e4 Bg7 6. h3 0-0 7. Nf3 Bd7 8. Bd3 Na6 9. 0-0 Nc7 10. Re1 a6 11. e5 Nfe8 12. a4 b5 13. exd6 exd6 14. axb5 axb5 15. Bg5 f6 16. Bf4 Rxa1 17. Qxa1 bxc4 18. Bxc4 Bc8 19. Qa5 Rf7 20. Rxe8+ Qxe8 21. Bxd6 Na6 22. Bxa6 Ra7 23. Bb5 Rxa5 24. Bxe8 Bf8 25. Bc7 Ra7 26. d6 Rb7 27. Na4 c4 28. Nd4 Kg7 29. Nb5 1-0

[Event "Kesan op 11th"]
[Site "Edirne"]
[Date "2013.08.26"]
[Round "1"]
[White "Soydan, Busra"]
[Black "Rahmanov, Shahriyar Teymur Og"]
[Result "0-1"]
[WhiteElo "1734"]
[BlackElo "2258"]
[PlyCount "74"]
[EventDate "2013.08.26"]
[EventType "swiss"]
[EventRounds "9"]
[EventCountry "TUR"]
[SourceTitle "CBM 156 Extra"]
[Source "ChessBase"]
[SourceDate "2013.10.22"]
[SourceVersion "1"]
[SourceVersionDate "2013.10.22"]
[SourceQuality "1"]

1. Nf3 g6 2. g3 Bg7 3. Bg2 c5 4. c4 Nc6 5. Nc3 d6 6. 0-0 e5 7. d3 Nge7 8. a3 0-0 9. Nd5 h6 10. Rb1 Nxd5 11. cxd5 Ne7 12. e4 f5 13. b4 cxb4 14. Rxb4 g5 15. Nd2 f4 16. Bf3 Qd7 17. Qa4 Qxa4 18. Rxa4 b5 19. Rb4 g4 20. Bd1 Bd7 21. Nb1 h5 22. Nc3 a6 23. Bd2 Bh6 24. Rb2 Kh7 25. Bb3 Rac8 26. Na2 h4 27. gxh4 Ng6 28. h5 Nh4 29. Bd1 f3 30. Bb4 Rf6 31. Bb3 Ng2 32. Rd1 Bf4 33. Nc3 Rh6 34. Na2 Rxh5 35. Bxd6 Bxh2+ 36. Kf1 Bf4 37. Kg1 Kg6 0-1

[Event "EU-ch U16 Girls"]
[Site "Albena"]
[Date "2011.09.18"]
[Round "7"]
[White "Sadevich, Rachel"]
[Black "Soydan, Busra"]
[Result "1/2-1/2"]
[WhiteElo "1889"]
[BlackElo "1747"]
[PlyCount "86"]
[EventDate "2011.09.11"]
[EventType "swiss"]
[EventRounds "9"]
[EventCountry "BUL"]
[SourceTitle "CBM 144 Extra"]
[Source "ChessBase"]
[SourceDate "2011.10.28"]
[SourceVersion "1"]
[SourceVersionDate "2011.10.28"]
[SourceQuality "1"]

1. e4 c5 2. c3 d5 3. exd5 Qxd5 4. d4 e6 5. Nf3 Nf6 6. Bd3 Nc6 7. 0-0 cxd4 8. cxd4 Be7 9. Nc3 Qd6 10. a3 0-0 11. Bc2 Rd8 12. Be3 b6 13. Qd3 Bb7 14. Rfd1 Rac8 15. Rac1 g6 16. Bb3 Na5 17. Nb5 Qb8 18. Ba2 Bxf3 19. gxf3 a6 20. Nc3 Nh5 21. Ne4 Nf4 22. Qd2 Nd5 23. Bg5 Bxg5 24. Qxg5 Qf4 25. Qxf4 Nxf4 26. Rxc8 Rxc8 27. d5 exd5 28. Nf6+ Kg7 29. Nxd5 Rd8 30. Kf1 Nc6 31. Bb3 Nxd5 32. Rxd5 Rxd5 33. Bxd5 Nd8 34. Ke2 Kh6 35. f4 Kh5 36. h3 Kh4 37. Bg2 Ne6 38. Ke3 g5 39. fxg5 Nxg5 40. f4 Nxh3 41. Kf3 Ng1+ 42. Kf2 Nh3+ 43. Kf3 Ng1+ 1/2-1/2

[Event "World School-ch U15 Girls 6th"]
[Site "Kayseri"]
[Date "2010.07.26"]
[Round "6"]
[White "Pachon Gutierrez, Adriana Paola"]
[Black "Soydan, Busra"]
[Result "1-0"]
[WhiteElo "1933"]
[BlackElo "1737"]
[PlyCount "67"]
[EventDate "2010.07.21"]
[EventType "swiss"]
[EventRounds "9"]
[EventCountry "TUR"]
[SourceTitle "CBM 137 Extra"]
[Source "ChessBase"]
[SourceDate "2010.09.01"]
[SourceVersion "1"]
[SourceVersionDate "2010.09.01"]
[SourceQuality "1"]

1. e4 d5 2. exd5 Qxd5 3. Nc3 Qa5 4. d4 Nf6 5. Bc4 Bg4 6. Nge2 Qb4 7. Bb5+ c6 8. a3 Qa5 9. Bc4 Nbd7 10. 0-0 0-0-0 11. Bxf7 e5 12. f3 Bf5 13. Bd2 Qc7 14. Kh1 Nb6 15. Bb3 exd4 16. Nb1 d3 17. Ng3 dxc2 18. Bxc2 Bxc2 19. Qxc2 Bd6 20. f4 Nbd5 21. Nc3 Kb8 22. Nge2 Rhe8 23. Rf3 Re7 24. Raf1 Rde8 25. Nd4 g6 26. h3 Bc5 27. Nxd5 cxd5 28. Nb3 Ne4 29. Nxc5 Nxd2 30. Na6+ bxa6 31. Qxd2 Re2 32. Rb3+ Kc8 33. Qxd5 Re1 34. Qa8+ 1-0

[Event "World School-ch U15 Girls 6th"]
[Site "Kayseri"]
[Date "2010.07.23"]
[Round "3"]
[White "Soydan, Busra"]
[Black "Gurcan, Aytolun"]
[Result "1/2-1/2"]
[WhiteElo "1737"]
[BlackElo "1642"]
[PlyCount "39"]
[EventDate "2010.07.21"]
[EventType "swiss"]
[EventRounds "9"]
[EventCountry "TUR"]
[SourceTitle "CBM 137 Extra"]
[Source "ChessBase"]
[SourceDate "2010.09.01"]
[SourceVersion "1"]
[SourceVersionDate "2010.09.01"]
[SourceQuality "1"]

1. f4 c5 2. Nf3 d5 3. b3 Nc6 4. e3 Nf6 5. Bb5 Bd7 6. 0-0 e6 7. Bb2 Be7 8. d3 0-0 9. Bxc6 Bxc6 10. Ne5 Be8 11. Nd2 Nd7 12. Qg4 Bf6 13. Ndf3 Nb8 14. d4 b6 15. Qg3 Nc6 16. Ng4 Kh8 17. Nxf6 Qxf6 18. Ba3 Nb4 19. Qf2 Qf5 20. Rfc1 1/2-1/2

[Event "Wch U14 Girls"]
[Site "Kemer"]
[Date "2009.11.15"]
[Round "4"]
[White "Saranya, J."]
[Black "Soydan, Busra"]
[Result "1-0"]
[WhiteElo "2146"]
[BlackElo "1762"]
[PlyCount "49"]
[EventDate "2009.11.12"]
[EventType "swiss"]
[EventRounds "11"]
[EventCountry "TUR"]
[SourceTitle "EXT 2010"]
[Source "ChessBase"]
[SourceDate "2010.11.25"]
[SourceVersion "1"]
[SourceVersionDate "2010.11.25"]
[SourceQuality "1"]

1. e4 d5 2. exd5 Qxd5 3. Nc3 Qa5 4. d4 Nf6 5. Bd2 c6 6. Nf3 Bg4 7. Bc4 e6 8. h3 Bh5 9. 0-0 Nbd7 10. Re1 Bb4 11. a3 Bxc3 12. Bxc3 Qc7 13. Qd3 Bg6 14. Qe2 Ne4 15. Rad1 Ndf6 16. Ne5 Rd8 17. Qf3 Bh5 18. g4 Bg6 19. h4 Nd6 20. Bb3 Be4 21. Qf4 h6 22. Bb4 Bd5 23. Bxd6 Qxd6 24. c4 Be4 25. Rxe4 1-0